Toutes les communes de Seine-Maritime sur une carte - Statistiques

Statistiques générales
  • Ce quiz a été pris 1 320 fois
    695 depuis la dernière actualisation
  • Le résultat moyen est 110 sur 707
Réponses sur la Carte
Les réponses sont colorées sur une échelle allant du rouge au vert en fonction du pourcentage des utilisateurs qui les ont devinées à leur premier essai. Vous pouvez retrouver ces pourcentages ci-dessous.
 
Statistiques - réponses
Commune Pop. % Correct
Rouen 114 187
96%
Le Havre 165 830
94%
Dieppe 28 091
89%
Fécamp 18 054
76%
Petit-Caux 9 654
76%
Yvetot 11 280
73%
Étretat 1 238
72%
Le Grand-Quevilly 26 034
72%
Le Petit-Quevilly 21 997
72%
Terres-de-Caux 4 205
67%
Sotteville-lès-Rouen 29 071
63%
Sotteville-sous-le-Val 749
63%
Sotteville-sur-Mer 399
63%
Mont-Saint-Aignan 19 686
62%
Saint-Étienne-du-Rouvray 28 331
62%
Elbeuf 16 087
61%
Elbeuf-en-Bray 401
61%
Elbeuf-sur-Andelle 475
61%
Eu 6 653
61%
Saint Martin de l'If 1 728
60%
Saint-Martin-au-Bosc 262
58%
Saint-Martin-aux-Arbres 316
58%
Saint-Martin-aux-Buneaux 646
58%
Saint-Martin-de-Boscherville 1 536
58%
Saint-Martin-du-Bec 637
58%
Saint-Martin-du-Manoir 1 460
58%
Saint-Martin-du-Vivier 1 675
58%
Saint-Martin-le-Gaillard 284
58%
Saint-Martin-l'Hortier 272
58%
Saint-Martin-Osmonville 1 183
58%
Saint-Pierre-Bénouville 379
58%
Saint-Pierre-de-Manneville 885
58%
Saint-Pierre-des-Jonquières 74
58%
Saint-Pierre-de-Varengeville 2 290
58%
Saint-Pierre-en-Port 826
58%
Saint-Pierre-en-Val 1 087
58%
Saint-Pierre-lès-Elbeuf 8 251
58%
Saint-Pierre-le-Vieux 194
58%
Saint-Pierre-le-Viger 265
58%
Barentin 12 239
56%
Le Tréport 4 441
56%
Bois-Guillaume 14 378
55%
Sainte-Adresse 7 216
55%
Saint-Valery-en-Caux 3 906
55%
Neufchâtel-en-Bray 4 646
53%
Rives-en-Seine 4 092
52%
Maromme 10 845
51%
Bolbec 11 551
49%
Grand-Couronne 9 731
49%
Saint-Aubin-Celloville 1 180
49%
Saint-Aubin-de-Crétot 505
49%
Saint-Aubin-Épinay 1 020
49%
Saint-Aubin-le-Cauf 838
49%
Saint-Aubin-lès-Elbeuf 8 428
49%
Saint-Aubin-Routot 1 935
49%
Saint-Aubin-sur-Mer 163
49%
Saint-Aubin-sur-Scie 1 200
49%
Tourville-la-Rivière 2 562
49%
Tourville-les-Ifs 722
49%
Tourville-sur-Arques 1 200
49%
Canteleu 13 807
48%
Caudebec-lès-Elbeuf 9 996
47%
Darnétal 9 780
47%
Petit-Couronne 8 732
46%
Notre-Dame-d'Aliermont 754
44%
Notre-Dame-de-Bliquetuit 808
44%
Notre-Dame-de-Bondeville 6 966
44%
Notre-Dame-du-Bec 449
44%
Notre-Dame-du-Parc 190
44%
Oissel 12 266
44%
Veules-les-Roses 523
43%
Montivilliers 15 500
42%
Sainte-Marie-au-Bosc 367
42%
Sainte-Marie-des-Champs 1 576
42%
Saint-Jean-de-Folleville 811
42%
Saint-Jean-de-la-Neuville 624
42%
Saint-Jean-du-Cardonnay 1 338
42%
Déville-lès-Rouen 10 644
41%
Lillebonne 8 761
41%
Gonfreville-Caillot 385
40%
Gonfreville-l'Orcher 9 042
40%
Port-Jérôme-sur-Seine 10 264
40%
Bihorel 8 197
39%
Duclair 4 010
39%
Harfleur 8 333
39%
Arelaune-en-Seine 2 524
38%
Gournay-en-Bray 6 027
38%
Octeville-sur-Mer 6 070
37%
Pavilly 6 164
37%
Tancarville 1 233
37%
Jumièges 1 693
36%
Fontaine-en-Bray 172
35%
Fontaine-la-Mallet 2 637
35%
Fontaine-le-Bourg 1 817
35%
Fontaine-le-Dun 893
35%
Fontaine-sous-Préaux 558
35%
Saint-Jacques-d'Aliermont 341
35%
Saint-Jacques-sur-Darnétal 3 108
35%
Saint-Nicolas-d'Aliermont 3 718
35%
Saint-Nicolas-de-la-Haie 414
35%
Saint-Nicolas-de-la-Taille 1 649
35%
Forges-les-Eaux 3 750
34%
Yport 718
34%
La Crique 336
33%
Yerville 2 515
33%
Buchy 2 820
32%
Cany-Barville 2 997
32%
Isneauville 3 601
32%
Saint-Romain-de-Colbosc 4 355
32%
Bréauté 1 367
31%
Le Trait 4 831
31%
Montville 4 593
31%
Tôtes 1 576
31%
Boos 3 990
30%
La Neuville-Chant-d'Oisel 2 378
30%
Bonsecours 6 466
29%
Clères 1 376
29%
Doudeville 2 472
29%
Le Mesnil-Esnard 7 925
29%
Malaunay 6 160
29%
Beuzeville-la-Grenier 1 253
28%
Beuzeville-la-Guérard 231
28%
Le Houlme 4 149
28%
Sainte-Marguerite-sur-Duclair 2 027
28%
Sainte-Marguerite-sur-Mer 463
28%
Amfreville-la-Mi-Voie 3 299
27%
Amfreville-les-Champs 179
27%
Veulettes-sur-Mer 275
27%
Cléon 4 919
26%
Criquetot-le-Mauconduit 183
26%
Criquetot-l'Esneval 2 563
26%
Criquetot-sur-Longueville 218
26%
Criquetot-sur-Ouville 794
26%
Franqueville-Saint-Pierre 6 099
26%
Saint-Denis-d'Aclon 123
26%
Saint-Denis-le-Thiboult 498
26%
Saint-Denis-sur-Scie 701
26%
Trouville 625
26%
Neuville-Ferrières 559
25%
Saint-Saëns 2 326
25%
Varengeville-sur-Mer 952
25%
Saint-Laurent-de-Brèvedent 1 491
24%
Saint-Laurent-en-Caux 763
24%
Arques-la-Bataille 2 526
23%
Goderville 2 853
23%
Hautot-l'Auvray 315
23%
Hautot-le-Vatois 351
23%
Hautot-Saint-Sulpice 688
23%
Hautot-sur-Mer 1 896
23%
Hautot-sur-Seine 396
23%
Quincampoix 3 102
23%
La Bouille 707
22%
Manneville-ès-Plains 307
22%
Manneville-la-Goupil 1 051
22%
Paluel 401
22%
Ry 760
22%
Saint-Ouen-du-Breuil 816
22%
Saint-Ouen-le-Mauger 278
22%
Saint-Ouen-sous-Bailly 227
22%
Val-de-Scie 2 525
22%
Bouville 996
21%
Gruchet-le-Valasse 3 123
21%
Gruchet-Saint-Siméon 686
21%
Offranville 3 162
21%
Roumare 1 536
21%
Saint-Jouin-Bruneval 1 837
21%
Houppeville 2 918
20%
Villers-Écalles 1 753
20%
Villers-sous-Foucarmont 184
20%
Allouville-Bellefosse 1 155
19%
Angerville-Bailleul 186
19%
Angerville-la-Martel 1 084
19%
Angerville-l'Orcher 1 400
19%
Aumale 1 963
19%
Bacqueville-en-Caux 1 904
19%
Belbeuf 2 242
19%
Cauville-sur-Mer 1 599
19%
Longueville-sur-Scie 964
19%
Luneray 2 164
19%
Martainville-Épreville 716
19%
Sandouville 795
19%
Épouville 2 638
18%
Quiberville 534
18%
Saint-Léger-aux-Bois 485
18%
Saint-Léger-du-Bourg-Denis 3 617
18%
Saint-Léonard 1 702
18%
Blangy-sur-Bresle 2 882
17%
Criel-sur-Mer 2 617
17%
Fresne-le-Plan 567
17%
La Londe 2 351
17%
Le Bocasse 657
17%
Montigny 1 288
17%
Pissy-Pôville 1 275
17%
Rogerville 1 668
17%
Saint-Georges-sur-Fontaine 912
17%
Saint-Vincent-Cramesnil 695
17%
Ypreville-Biville 565
17%
Anneville-Ambourville 1 176
16%
Anneville-sur-Scie 425
16%
Authieux-Ratiéville 401
16%
Bosc-le-Hard 1 567
16%
Croix-Mare 733
16%
Les Authieux-sur-le-Port-Saint-Ouen 1 254
16%
Limésy 1 483
16%
Sahurs 1 212
16%
Saint-André-sur-Cailly 821
16%
Saint-Germain-des-Essourts 383
16%
Saint-Germain-d'Étables 239
16%
Saint-Germain-sous-Cailly 331
16%
Saint-Germain-sur-Eaulne 219
16%
Auzouville-l'Esneval 358
15%
Auzouville-sur-Ry 690
15%
Auzouville-sur-Saâne 150
15%
Flamanville 476
15%
Fréauville 136
15%
Gainneville 2 495
15%
Gonneville-la-Mallet 1 376
15%
Gonneville-sur-Scie 522
15%
La Vaupalière 1 171
15%
Les Grandes-Ventes 1 764
15%
Londinières 1 253
15%
Motteville 767
15%
Ouville-l'Abbaye 659
15%
Ouville-la-Rivière 459
15%
Petiville 1 124
15%
Préaux 1 846
15%
Saint-Michel-d'Halescourt 116
15%
Saint-Vaast-d'Équiqueville 762
15%
Saint-Vaast-Dieppedalle 372
15%
Saint-Vaast-du-Val 466
15%
Saint-Victor-l'Abbaye 761
15%
Val-de-Saâne 1 484
15%
Biville-la-Baignarde 660
14%
Biville-la-Rivière 105
14%
Envermeu 1 993
14%
La Chapelle-du-Bourgay 112
14%
La Chapelle-Saint-Ouen 137
14%
La Chapelle-sur-Dun 159
14%
Les Hauts-de-Caux 1 347
14%
Rouxmesnil-Bouteilles 1 811
14%
Sassetot-le-Malgardé 108
14%
Sassetot-le-Mauconduit 1 002
14%
Touffreville-la-Corbeline 835
14%
Touffreville-sur-Eu 215
14%
Valliquerville 1 423
14%
Alvimare 618
13%
Cailly 749
13%
Étainhus 1 203
13%
Grainville-la-Teinturière 1 076
13%
Grainville-sur-Ry 441
13%
Grainville-Ymauville 430
13%
Héricourt-en-Caux 950
13%
La Cerlangue 1 287
13%
La Feuillie 1 280
13%
Le Tilleul 686
13%
Montmain 1 397
13%
Moulineaux 922
13%
Oudalle 441
13%
Ourville-en-Caux 1 118
13%
Saint-Paër 1 307
13%
Saint-Vigor-d'Ymonville 1 141
13%
Valmont 863
13%
Yainville 1 037
13%
Ymare 1 182
13%
Berville-en-Caux 687
12%
Berville-sur-Seine 544
12%
Bourville 293
12%
Épinay-sur-Duclair 510
12%
Épreville 1 036
12%
Eslettes 1 638
12%
La Poterie-Cap-d'Antifer 453
12%
Le Mesnil-sous-Jumièges 617
12%
Les Loges 1 095
12%
Mesnières-en-Bray 928
12%
Morgny-la-Pommeraye 1 074
12%
Néville 1 329
12%
Quevillon 593
12%
Quévreville-la-Poterie 1 029
12%
Saint-Maclou-de-Folleville 619
12%
Saint-Maclou-la-Brière 462
12%
Serqueux 965
12%
Torcy-le-Grand 792
12%
Torcy-le-Petit 499
12%
Vatteville-la-Rue 1 146
12%
Auzebosc 1 138
11%
Bretteville-du-Grand-Caux 1 366
11%
Bretteville-Saint-Laurent 157
11%
Criquebeuf-en-Caux 402
11%
Ectot-l'Auber 701
11%
Ectot-lès-Baons 397
11%
Fontenay 1 664
11%
Foucarmont 781
11%
Freneuse 960
11%
Gouy 898
11%
Lanquetot 1 156
11%
Mesnil-Raoul 1 126
11%
Norville 995
11%
Orival 881
11%
Ricarville-du-Val 185
11%
Saint-Antoine-la-Forêt 1 093
11%
Saint-Gilles-de-Crétot 400
11%
Saint-Gilles-de-la-Neuville 644
11%
Saint-Maurice-d'Ételan 298
11%
Saint-Sylvain 140
11%
Vattetot-sous-Beaumont 578
11%
Vattetot-sur-Mer 323
11%
Yville-sur-Seine 437
11%
Anglesqueville-la-Bras-Long 125
10%
Anglesqueville-l'Esneval 662
10%
Bardouville 622
10%
Blacqueville 730
10%
Blainville-Crevon 1 227
10%
Écalles-Alix 509
10%
Écretteville-lès-Baons 369
10%
Écretteville-sur-Mer 162
10%
Ferrières-en-Bray 1 669
10%
Foucart 359
10%
Hénouville 1 366
10%
Heuqueville 713
10%
Ingouville 275
10%
Louvetot 760
10%
Rolleville 1 196
10%
Rouville 607
10%
Sainneville 852
10%
Saint-Arnoult 1 455
10%
Sainte-Austreberthe 654
10%
Saint-Eustache-la-Forêt 1 218
10%
Sommery 837
10%
Tocqueville-en-Caux 139
10%
Tocqueville-les-Murs 280
10%
Turretot 1 505
10%
Veauville-lès-Quelles 131
10%
Ancourt 630
9%
Bellencombre 596
9%
Belleville-en-Caux 742
9%
Bosc-Guérard-Saint-Adrien 1 062
9%
Colleville 765
9%
La Frénaye 2 091
9%
Maulévrier-Sainte-Gertrude 1 017
9%
Montérolier 606
9%
Morville-le-Héron 543
9%
Nointot 1 365
9%
Normanville 658
9%
Roncherolles-en-Bray 462
9%
Roncherolles-sur-le-Vivier 1 212
9%
Saint-Clair-sur-les-Monts 611
9%
Saint-Rémy-Boscrocourt 797
9%
Saint-Sauveur-d'Émalleville 1 226
9%
Vittefleur 654
9%
Yébleron 1 274
9%
Argueil 343
8%
Auberville-la-Manuel 138
8%
Auberville-la-Renault 456
8%
Auppegard 692
8%
Baons-le-Comte 334
8%
Bolleville 579
8%
Bosc-Bordel 441
8%
Carville-la-Folletière 424
8%
Carville-Pot-de-Fer 98
8%
Cideville 409
8%
Clasville 348
8%
Claville-Motteville 276
8%
Crasville-la-Mallet 165
8%
Crasville-la-Rocquefort 209
8%
Dampierre-en-Bray 444
8%
Dampierre-Saint-Nicolas 453
8%
Épretot 784
8%
Fresquiennes 1 046
8%
Grémonville 450
8%
La Haye 368
8%
La Remuée 1 274
8%
Le Bourg-Dun 433
8%
Les Ifs 71
8%
Les Trois-Pierres 786
8%
Lintot 473
8%
Lintot-les-Bois 188
8%
Manéglise 1 265
8%
Mesnil-Panneville 742
8%
Ouainville 517
8%
Saint-Aignan-sur-Ry 350
8%
Sainte-Geneviève 269
8%
Saint-Riquier-en-Rivière 145
8%
Saint-Riquier-ès-Plains 614
8%
Senneville-sur-Fécamp 888
8%
Sierville 1 111
8%
Val-de-la-Haye 718
8%
Vieux-Manoir 767
8%
Yvecrique 636
8%
Angiens 514
7%
Beaumont-le-Hareng 264
7%
Bénouville 182
7%
Beuzevillette 626
7%
Bierville 331
7%
Brachy 700
7%
Canville-les-Deux-Églises 319
7%
Cleuville 190
7%
Écrainville 972
7%
Étaimpuis 838
7%
Étalondes 1 047
7%
Fresnay-le-Long 329
7%
Froberville 1 168
7%
Grand-Camp 755
7%
Grugny 1 006
7%
Hattenville 712
7%
La Ferté-Saint-Samson 450
7%
La Trinité-du-Mont 850
7%
Longueil 543
7%
Martin-Église 1 605
7%
Mélamare 921
7%
Mirville 351
7%
Muchedent 128
7%
Raffetot 499
7%
Routes 280
7%
Sainte-Colombe 222
7%
Sainte-Croix-sur-Buchy 688
7%
Saint-Hellier 504
7%
Ambrumesnil 473
6%
Anceaumeville 689
6%
Bailly-en-Rivière 522
6%
Beauvoir-en-Lyons 596
6%
Bellengreville 473
6%
Belmesnil 450
6%
Blosseville 252
6%
Bois-Himont 469
6%
Bois-l'Évêque 610
6%
Bordeaux-Saint-Clair 644
6%
Bully 898
6%
Butot 285
6%
Butot-Vénesville 240
6%
Conteville 497
6%
Cuverville 344
6%
Cuverville-sur-Yères 196
6%
Életot 639
6%
Esteville 496
6%
Étoutteville 834
6%
Flocques 701
6%
Gaillefontaine 1 205
6%
Gommerville 726
6%
Grèges 852
6%
Gueures 527
6%
Gueutteville 89
6%
Gueutteville-les-Grès 372
6%
Heugleville-sur-Scie 640
6%
Heurteauville 293
6%
Hodeng-au-Bosc 579
6%
Hodeng-Hodenger 268
6%
La Rue-Saint-Pierre 773
6%
La Vieux-Rue 578
6%
Le Bois-Robert 364
6%
Le Mesnil-Durdent 17
6%
Le Thil-Riberpré 236
6%
Longuerue 338
6%
Malleville-les-Grès 205
6%
Mannevillette 909
6%
Mauny 159
6%
Montreuil-en-Caux 497
6%
Neuf-Marché 664
6%
Ocqueville 453
6%
Ponts-et-Marais 819
6%
Sainte-Agathe-d'Aliermont 298
6%
Sainte-Hélène-Bondeville 732
6%
Saint-Lucien 234
6%
Saussay 366
6%
Sausseuzemare-en-Caux 429
6%
Servaville-Salmonville 1 131
6%
Vergetot 445
6%
Ancourteville-sur-Héricourt 349
5%
Aubermesnil-aux-Érables 200
5%
Aubermesnil-Beaumais 516
5%
Avesnes-en-Bray 291
5%
Avesnes-en-Val 275
5%
Avremesnil 1 008
5%
Bailleul-Neuville 223
5%
Beautot 152
5%
Bernières 634
5%
Bézancourt 360
5%
Bois-d'Ennebourg 569
5%
Bosville 580
5%
Brémontier-Merval 447
5%
Calleville-les-Deux-Églises 333
5%
Canouville 344
5%
Cléville 149
5%
Cottévrard 474
5%
Croisy-sur-Andelle 527
5%
Crosville-sur-Scie 248
5%
Daubeuf-Serville 399
5%
Douvrend 522
5%
Drosay 192
5%
Émanville 753
5%
Houdetot 189
5%
La Chaussée 538
5%
La Gaillarde 385
5%
La Houssaye-Béranger 534
5%
Le Torp-Mesnil 459
5%
Martigny 419
5%
Maucomble 407
5%
Mauquenchy 359
5%
Meulers 562
5%
Mont-Cauvaire 851
5%
Nesle-Hodeng 348
5%
Nesle-Normandeuse 503
5%
Oherville 227
5%
Omonville 275
5%
Osmoy-Saint-Valery 315
5%
Parc-d'Anxtot 587
5%
Pommeréval 496
5%
Riville 301
5%
Rouvray-Catillon 224
5%
Saint-Honoré 194
5%
Thiétreville 369
5%
Toussaint 699
5%
Varneville-Bretteville 327
5%
Virville 348
5%
Wanchy-Capval 335
5%
Annouville-Vilmesnil 461
4%
Anquetierville 334
4%
Beauval-en-Caux 463
4%
Bec-de-Mortagne 643
4%
Bertreville 119
4%
Bertreville-Saint-Ouen 335
4%
Boissay 409
4%
Bornambusc 248
4%
Bosc-Bérenger 201
4%
Bosc-Édeline 366
4%
Bosc-Hyons 433
4%
Bosc-Mesnil 318
4%
Boudeville 211
4%
Bourdainville 468
4%
Bures-en-Bray 328
4%
Cailleville 257
4%
Callengeville 504
4%
Catenay 681
4%
Cliponville 254
4%
Critot 481
4%
Croixdalle 319
4%
Cropus 258
4%
Cuy-Saint-Fiacre 654
4%
Dénestanville 271
4%
Envronville 351
4%
Ermenouville 139
4%
Ernemont-la-Villette 204
4%
Ernemont-sur-Buchy 293
4%
Étalleville 434
4%
Fongueusemare 182
4%
Frichemesnil 393
4%
Fultot 240
4%
Gerponville 388
4%
Goupillières 417
4%
Grandcourt 317
4%
Greuville 372
4%
Hermanville 115
4%
Hermeville 354
4%
Héronchelles 147
4%
Incheville 1 202
4%
Le Hanouard 261
4%
Limpiville 391
4%
Massy 327
4%
Ménerval 168
4%
Mentheville 296
4%
Montroty 271
4%
Nolléval 424
4%
Pierrefiques 134
4%
Pierreval 541
4%
Pleine-Sève 127
4%
Prétot-Vicquemare 234
4%
Quièvrecourt 411
4%
Richemont 438
4%
Rocquefort 323
4%
Rocquemont 784
4%
Rosay 268
4%
Saint-Crespin 313
4%
Sainte-Foy 625
4%
Saint-Mards 177
4%
Sasseville 280
4%
Sauchay 438
4%
Saumont-la-Poterie 411
4%
Sauqueville 342
4%
Sept-Meules 171
4%
Sigy-en-Bray 494
4%
Smermesnil 368
4%
Theuville-aux-Maillots 535
4%
Thil-Manneville 654
4%
Trémauville 103
4%
Vibeuf 607
4%
Vieux-Rouen-sur-Bresle 563
4%
Yquebeuf 240
4%
Ancretiéville-Saint-Victor 371
3%
Anvéville 300
3%
Baromesnil 216
3%
Beaubec-la-Rosière 485
3%
Beaurepaire 498
3%
Bénarville 267
3%
Bénesville 170
3%
Bertrimont 216
3%
Bois-Guilbert 297
3%
Bois-Héroult 173
3%
Brametot 195
3%
Canehan 383
3%
Colmesnil-Manneville 110
3%
Contremoulins 166
3%
Criquiers 711
3%
Doudeauville 104
3%
Esclavelles 385
3%
Fresles 237
3%
Fresnoy-Folny 678
3%
Freulleville 362
3%
Fry 142
3%
Ganzeville 468
3%
Gerville 439
3%
Gonnetot 176
3%
Graimbouville 616
3%
Grigneuseville 376
3%
Guerville 471
3%
Harcanville 530
3%
Houquetot 335
3%
Hugleville-en-Caux 429
3%
Illois 411
3%
Imbleville 304
3%
Lamberville 195
3%
Lammerville 312
3%
Le Catelier 275
3%
Les Cent-Acres 65
3%
Longroy 634
3%
Lucy 191
3%
Manéhouville 224
3%
Maniquerville 424
3%
Mathonville 333
3%
Mesnil-Follemprise 118
3%
Mesnil-Mauger 244
3%
Millebosc 237
3%
Monchy-sur-Eu 578
3%
Mortemer 86
3%
Neufbosc 403
3%
Rieux 605
3%
Robertot 223
3%
Royville 308
3%
Saâne-Saint-Just 139
3%
Saint-Saire 579
3%
Sommesnil 113
3%
Sorquainville 185
3%
Thérouldeville 666
3%
Thiergeville 399
3%
Thiouville 285
3%
Vassonville 429
3%
Vénestanville 209
3%
Ventes-Saint-Rémy 224
3%
Villainville 282
3%
Villy-sur-Yères 205
3%
Ancretteville-sur-Mer 151
2%
Ardouval 156
2%
Autigny 312
2%
Auvilliers 103
2%
Bazinval 419
2%
Beaussault 413
2%
Bertheauville 96
2%
Bracquetuit 330
2%
Campneuseville 465
2%
Clais 261
2%
Compainville 165
2%
Dancourt 232
2%
Fallencourt 183
2%
Gancourt-Saint-Étienne 226
2%
Graval 155
2%
Haucourt 187
2%
Haudricourt 423
2%
Haussez 281
2%
La Bellière 53
2%
Landes-Vieilles-et-Neuves 129
2%
Le Mesnil-Réaume 795
2%
Lindebeuf 388
2%
Melleville 264
2%
Nullemont 138
2%
Pommereux 98
2%
Réalcamp 595
2%
Rebets 147
2%
Reuville 140
2%
Sainte-Beuve-en-Rivière 175
2%
Vatierville 131
2%
Vinnemerville 228
2%
Aubéguimont 186
1%
Baillolet 109
1%
Bouelles 281
1%
Bradiancourt 221
1%
Ellecourt 153
1%
Fesques 142
1%
Flamets-Frétils 162
1%
Gonzeville 126
1%
Grumesnil 437
1%
Héberville 103
1%
La Fontelaye 27
1%
La Hallotière 218
1%
Le Caule-Sainte-Beuve 481
1%
Le Mesnil-Lieubray 96
1%
Lestanville 95
1%
Longmesnil 48
1%
Marques 233
1%
Ménonval 231
1%
Mésangueville 159
1%
Molagnies 207
1%
Monchaux-Soreng 622
1%
Morienne 189
1%
Pierrecourt 479
1%
Preuseville 158
1%
Puisenval 23
1%
Rainfreville 75
1%
Rétonval 179
1%
Ronchois 183
1%
Aucun quiz correspondant
Distribution des résultats
% des personnes avec chaque résultat
Percentile par nombre de réponses
Votre historique - résultats
Vous n’avez pas pris ce quiz depuis la dernière actualisation